000 00629nam a22002297a 4500
003 UA-OsUOA
001 36980
007 ta
008 20060217b un ||||| |||| 00| 0 ukr d
100 _aСутула О.В.
700 _aТригуб І.А.
090 _a82
_bС11
942 _cSA
040 _aUA-OsUOA
_bukr
_cUA-OsUOA
_dUA-OsUOA
245 _aОрієнтоване планування уроків зарубіжної літератури
300 _aС.45-52
955 _a0
041 _aukr
080 _a82
773 0 _w36979
650 7 _a82 Література. Літературознавство
_2UDC
999 _c323212
_d323212